|
|
|
|
| LEADER |
00000nab a2200000 a 4500 |
| 001 |
vtls000266515 |
| 003 |
SK-MaSNL |
| 005 |
20260426075154.0 |
| 008 |
250423c1986 xo 0 slo |
| 015 |
|
|
|a SNBRB19rr/mm-uuuuu
|
| 035 |
|
|
|a CL0276629
|
| 035 |
|
|
|a urn:nbn:sk:snk-abdms0
|
| 035 |
|
|
|a (urnnbn)urn:nbn:sk:snk:ar-000sov
|
| 035 |
|
|
|a (uuid)1e0677ca-05c5-490f-b171-bf0faadec085
|
| 040 |
|
|
|a SNKBUCL
|b slo
|c SNKBUCL
|e AACR2
|
| 041 |
0 |
|
|a slo
|
| 044 |
|
|
|a xo
|c SK
|
| 080 |
|
|
|a 792
|2 1981
|
| 100 |
1 |
|
|a Karvaš, Peter,
|d 1920-1999
|4 aut
|9 103066
|
| 245 |
1 |
0 |
|a Nová scéna štyridsaťročná
|c Peter Karvaš
|
| 300 |
|
|
|b Obr. 1.
|
| 610 |
2 |
7 |
|a Divadlo Nová scéna
|2 snkbucl
|9 228251
|
| 648 |
|
7 |
|a 1946-186
|2 snkbucl
|9 1359628
|
| 650 |
0 |
7 |
|a divadlá
|2 snkbucl
|9 29113
|
| 651 |
|
7 |
|a Bratislava (Slovensko)
|2 snkbucl
|9 14568
|
| 655 |
|
7 |
|a články z novín a časopisov
|2 snkbucl
|9 267496
|
| 773 |
0 |
|
|t Javisko
|g Roč. 18, č. 11 (1986), s. 598-600
|
| 850 |
|
|
|a Slovenská národná knižnica
|
| 852 |
|
|
|a Slovenská národná knižnica
|
| 954 |
|
|
|a odborná, vedecká literatúra pôvodná (slovenská)
|2 lita
|
| 958 |
|
|
|a article19
|
| 958 |
|
|
|a OND
|
| 958 |
|
|
|a EUIPO
|
| 992 |
|
|
|a RBX
|
| 999 |
|
|
|c 2764652
|d 2766582
|